España, Europa y el mundo de ultramar: 1500-1800
Guardat en:
| Autor principal: | |
|---|---|
| Format: | Llibre |
| Idioma: | espanyol |
| Publicat: |
Madrid, España
Santillana Ediciones Generales
2010
|
| Col·lecció: | Taurus. Historia
|
| Matèries: | |
| Etiquetes: |
Afegir etiqueta
Sense etiquetes, Sigues el primer a etiquetar aquest registre!
|
MARC
| LEADER | 00000cam a2200000 a 4500 | ||
|---|---|---|---|
| 001 | UCF0674 | ||
| 003 | CL-VaPUC | ||
| 005 | 20211008105940.0 | ||
| 008 | 120531e20100000SP |||||||||||||||||spa|d | ||
| 999 | |c 347856 |d 347854 | ||
| 020 | |a 9788430607808 | ||
| 040 | |c Pontificia Universidad Católica de Valparaíso | ||
| 082 | 0 | 4 | |a 940 ELL 2010 |2 21 |
| 100 | 0 | |a Elliott, John Huxtable |e author |9 562400 | |
| 245 | 1 | 0 | |a España, Europa y el mundo de ultramar: |b 1500-1800 |
| 260 | |a Madrid, España |b Santillana Ediciones Generales |c 2010 | ||
| 300 | |a 410 páginas | ||
| 490 | 0 | |a Taurus. Historia | |
| 583 | |a last modification |c 20131007 07:23:20 |k Rodrigo Vera | ||
| 650 | 0 | |a Historia de Europa Siglo 16 |y SIGLOS 16-17 |9 346729 | |
| 650 | 0 | |a Historia de España |9 315435 | |
| 852 | |a BIBCUR | ||
| 942 | |c BK |2 ddc | ||
| 945 | |d 20120531 00:00:00 |a dcastane | ||
| 952 | |0 0 |1 0 |2 ddc |4 0 |6 940_000000000000000_ELL_2010 |7 0 |8 A |9 449546 |a BIBHIS |b BIBHIS |d 2019-11-22 |i 4866614 |o 940 ELL 2010 |p 4866614 |r 2025-01-20 |t 1 |w 2019-11-22 |y BK |k HIS | ||
| 952 | |0 0 |1 0 |2 ddc |4 0 |6 940_000000000000000_ELL_2010 |7 0 |8 A |9 449547 |a BIBHIS |b BIBHIS |d 2019-11-22 |i 499485K |l 3 |o 940 ELL 2010 |p 499485K |r 2025-01-20 |s 2023-06-23 |t 2 |w 2019-11-22 |y BK |k HIS | ||
| 952 | |0 0 |1 0 |2 ddc |3 erb |4 0 |6 940_000000000000000_ELL_2010 |7 0 |8 A |9 449548 |a BIBHIS |b BIBHIS |d 2019-11-22 |i 5018056 |o 940 ELL 2010 |p 5018056 |r 2025-01-20 |t 3 |w 2019-11-22 |y BK |z Catalogado en:20131011 |k HIS | ||
| 952 | |0 0 |1 0 |2 ddc |3 erb |4 0 |6 940_000000000000000_ELL_2010 |7 0 |8 A |9 449549 |a BIBHIS |b BIBHIS |i 5038367 |l 1 |o 940 ELL 2010 |p 5038367 |r 2025-01-20 |s 2022-05-27 |t 4 |w 2019-11-22 |y BK |z Catalogado en:20131227 |k HIS | ||
| 952 | |0 0 |1 0 |2 ddc |3 erb |4 0 |6 940_000000000000000_ELL_2010 |7 0 |8 A |9 449550 |a BIBHIS |b BIBHIS |i 5038375 |o 940 ELL 2010 |p 5038375 |r 2025-01-20 |t 5 |w 2019-11-22 |y BK |z Catalogado en:20131227 |k HIS | ||
| 952 | |0 0 |1 0 |2 ddc |3 erb |4 0 |6 940_000000000000000_ELL_2010 |7 0 |8 A |9 449551 |a BIBHIS |b BIBHIS |i 5337755 |l 2 |o 940 ELL 2010 |p 5337755 |r 2025-01-20 |s 2023-05-19 |t 6 |w 2019-11-22 |y BK |z Catalogado en:20160811 |k HIS | ||
| 952 | |0 0 |1 0 |2 ddc |3 erb |4 0 |6 940_000000000000000_ELL_2010 |7 0 |8 A |9 449552 |a BIBHIS |b BIBHIS |i 5337747 |l 1 |o 940 ELL 2010 |p 5337747 |r 2025-01-20 |s 2024-05-28 |t 7 |w 2019-11-22 |y BK |z Catalogado en:20160811 |k HIS | ||